000
00331nam a2200133 a 4500
005
20140414093835.0
008
030611s19uu xx 00 eng d
050
_a
CDR 516
_b
MUL 1995 c1
245
_a
Multimedia Geometry.
650
_a
Geometry
_x
Interactive videos.
650
_a
Mathematics.
942
_c
AVM
999
_c
108980
_d
108980